[Event "PRO League Group Stage"]
[Site "chess.com INT"]
[Date "2019.03.07"]
[Round "9"]
[White "Sebenik, Matej"]
[Black "Holm, Kristian Stuvik"]
[Result "1-0"]
[WhiteTitle "GM"]
[BlackTitle "IM"]
[WhiteElo "2540"]
[BlackElo "2468"]
[WhiteTeam "Ljubljana Turtles"]
[BlackTeam "Norway Gnomes"]
[WhiteFideId "14602296"]
[BlackFideId "1508083"]
[EventDate "2019.01.08"]

1. Nf3 Nf6 2. c4 e6 3. g3 d5 4. Bg2 Be7 5. O-O O-O 6. d4 dxc4 7. Qc2 a6 8. a4
Bd7 9. Qxc4 Bc6 10. Bg5 Bd5 11. Qc2 Be4 12. Qd1 a5 13. Nc3 Bxf3 14. Bxf3 c6 15.
Qb3 Na6 16. e4 Nb4 17. Rad1 Nd7 18. Bf4 Bg5 19. Bd6 Be7 20. Bxe7 Qxe7 21. d5 Ne5
22. Bg2 Rad8 23. Kh1 Ned3 24. Rd2 Qf6 25. f4 exd5 26. exd5 cxd5 27. Nxd5 Nxd5
28. Rxd3 Nb4 29. Rxd8 Rxd8 30. Bxb7 h5 31. Qc3 Qb6 32. Bf3 h4 33. gxh4 Qh6 34.
Rg1 Nd3 35. Qxa5 Rd6 36. Qa8+ Kh7 37. Be4+ g6 38. Bxd3 Rxd3 39. Qe4 Rh3 40. f5
Rxh4 41. fxg6+ fxg6 42. Qe7+ Kh8 43. Qd8+ Kh7 44. Qc7+ Kh8 45. Rd1 Rf4 46. Qe5+
Kg8 47. Rd8+ Rf8 48. Qe6+ Kg7 49. Qe7+ Rf7 50. Qe5+ Rf6 51. Rd7+ Kg8 52. Qxf6
Qc1+ 53. Kg2 Qc2+ 54. Kg3 Qb3+ 55. Qf3 Qb8+ 56. Qf4 Qb3+ 57. Kh4 Qe6 58. Qf7+ 1-0

[Event "PRO League Group Stage"]
[Site "chess.com INT"]
[Date "2019.03.07"]
[Round "9"]
[White "Markoja, Boris"]
[Black "Mikalsen, Erlend"]
[Result "1-0"]
[WhiteTitle "IM"]
[BlackTitle "FM"]
[WhiteElo "2442"]
[BlackElo "2357"]
[WhiteTeam "Ljubljana Turtles"]
[BlackTeam "Norway Gnomes"]
[WhiteFideId "14608502"]
[BlackFideId "1507338"]
[EventDate "2019.01.08"]

1. Nf3 d5 2. c4 d4 3. e3 Nc6 4. exd4 Nxd4 5. Nxd4 Qxd4 6. d3 Nh6 7. Be2 g6 8.
Nc3 c6 9. Be3 Qd7 10. Qd2 Nf5 11. Bg4 h5 12. Bxf5 Qxf5 13. d4 Bg7 14. O-O O-O
15. Bh6 Rd8 16. Bxg7 Kxg7 17. Qe3 Be6 18. b3 Rd7 19. Ne4 Rad8 20. Rad1 b6 21.
Rfe1 Qa5 22. Re2 Bf5 23. h3 e5 24. Ng3 exd4 25. Qg5 Kh7 26. f4 d3 27. Re5 Qc3
28. Nxf5 gxf5 29. Qxf5+ Kg8 30. Qg5+ Kh7 31. Qxh5+ Kg7 32. Rg5+ Kf8 33. Qh6+ Ke7
34. Re5+ 1-0

[Event "PRO League Group Stage"]
[Site "chess.com INT"]
[Date "2019.03.07"]
[Round "9"]
[White "Lagarde, Maxime"]
[Black "Ducarmon, Quinten"]
[Result "1-0"]
[WhiteTitle "GM"]
[BlackTitle "IM"]
[WhiteElo "2604"]
[BlackElo "2479"]
[WhiteTeam "Cannes Blitzstreams"]
[BlackTeam "Amsterdam Mosquitoes"]
[WhiteFideId "662399"]
[BlackFideId "1025007"]
[EventDate "2019.01.08"]

1. b3 e5 2. Bb2 Nc6 3. e3 Nf6 4. Bb5 e4 5. Ne2 Bd6 6. Bxf6 Qxf6 7. Nbc3 Qg6 8.
Ng3 Be5 9. O-O a6 10. Be2 Bxg3 11. fxg3 O-O 12. Rf4 f5 13. Qf1 d6 14. Nxe4 Be6
15. Nc3 Rae8 16. Qf2 Qh6 17. Bc4 Ne5 18. Bxe6+ Qxe6 19. Rf1 g6 20. e4 Ng4 21.
exf5 Rxf5 22. Qf3 Rxf4 23. gxf4 c6 24. h3 Nh6 25. g4 d5 26. Rf2 Qe1+ 27. Kg2 Qc1
28. f5 g5 29. Re2 Rxe2+ 30. Qxe2 Kf8 31. Qe3 Ng8 32. Qxg5 Kf7 33. Qe3 Qxc2 34.
Ne2 Qxa2 35. Nd4 Qb2 36. g5 c5 37. Nf3 Ne7 38. Qe6+ Kf8 39. f6 Ng6 40. Qc8+ Kf7
41. Qd7+ Kf8 42. Qg7+ Ke8 43. f7+ 1-0

[Event "PRO League Group Stage"]
[Site "chess.com INT"]
[Date "2019.03.07"]
[Round "9"]
[White "Mekhitarian, Krikor Sevag"]
[Black "Vrolijk, Liam"]
[Result "1-0"]
[WhiteTitle "GM"]
[BlackTitle "IM"]
[WhiteElo "2536"]
[BlackElo "2433"]
[WhiteTeam "Cannes Blitzstreams"]
[BlackTeam "Amsterdam Mosquitoes"]
[WhiteFideId "2107660"]
[BlackFideId "1048333"]
[EventDate "2019.01.08"]

1. Nf3 d5 2. c4 e6 3. g3 Nf6 4. Bg2 Be7 5. b3 O-O 6. O-O b6 7. Bb2 Bb7 8. e3 c5
9. Qe2 Nc6 10. Rd1 Qc7 11. Nc3 Rad8 12. Rac1 Qb8 13. cxd5 exd5 14. d4 cxd4 15.
Nxd4 Nxd4 16. Rxd4 Bc5 17. Rdd1 d4 18. Na4 Bxg2 19. Kxg2 Qe5 20. Qf3 Rfe8 21.
exd4 Bxd4 22. Rxd4 Rxd4 23. Rd1 1-0

[Event "PRO League Group Stage"]
[Site "chess.com INT"]
[Date "2019.03.07"]
[Round "9"]
[White "Spoelman, Wouter"]
[Black "Velten, Paul"]
[Result "1-0"]
[WhiteTitle "GM"]
[BlackTitle "GM"]
[WhiteElo "2578"]
[BlackElo "2496"]
[WhiteTeam "Amsterdam Mosquitoes"]
[BlackTeam "Cannes Blitzstreams"]
[WhiteFideId "1010891"]
[BlackFideId "681091"]
[EventDate "2019.01.08"]

1. c4 Nf6 2. Nf3 b6 3. b3 g6 4. Bb2 Bg7 5. g3 Bb7 6. Bg2 O-O 7. O-O c5 8. d4
cxd4 9. Nxd4 Bxg2 10. Kxg2 d5 11. Na3 dxc4 12. Nxc4 Qd5+ 13. f3 Rd8 14. Nb5 Na6
15. Qxd5 Nxd5 16. Bxg7 Kxg7 17. Rfd1 Nac7 18. a4 Ne6 19. Kf2 Nc5 20. Rab1 a6 21.
Rxd5 Rxd5 22. Nc7 Rdd8 23. Nxa8 Rxa8 24. Nxb6 Rb8 25. a5 Nb7 26. b4 Nd6 27. Rc1
Rb7 28. Rc6 h5 29. Nd5 Ne8 30. Rxa6 e6 31. Rb6 Ra7 32. Nc3 Rc7 33. Nb5 Rc4 34.
a6 1-0

[Event "PRO League Group Stage"]
[Site "chess.com INT"]
[Date "2019.03.07"]
[Round "9"]
[White "Admiraal, Miguoel"]
[Black "Cornette, Deimante"]
[Result "1-0"]
[WhiteTitle "IM"]
[BlackTitle "IM"]
[WhiteElo "2478"]
[BlackElo "2448"]
[WhiteTeam "Amsterdam Mosquitoes"]
[BlackTeam "Cannes Blitzstreams"]
[WhiteFideId "1019716"]
[BlackFideId "12802859"]
[EventDate "2019.01.08"]

1. c3 d5 2. Nf3 Nf6 3. d4 e6 4. Bg5 Be7 5. Nbd2 O-O 6. e3 b6 7. Ne5 c5 8. Bd3 h6
9. Bxf6 Bxf6 10. f4 Ba6 11. Bxa6 Nxa6 12. Qe2 Nb8 13. O-O-O Bxe5 14. dxe5 Qe8
15. Kb1 f6 16. exf6 Qg6+ 17. Ka1 Rxf6 18. g4 Rf8 19. h4 Nc6 20. h5 Qc2 21. Rc1
Qa4 22. g5 hxg5 23. h6 g6 24. Rcg1 Rf5 25. Nf3 Ne7 26. Nxg5 Qc6 27. Nf3 Kh7 28.
Ne5 Qa4 29. Nxg6 Nxg6 30. Rxg6 Qe4 31. Rhg1 Rxf4 32. Rg7+ Kh8 33. h7 Rff8 34.
Qh5 Rf1+ 35. Rxf1 Kxg7 36. h8=Q+ Rxh8 37. Rg1+ Kf6 38. Qxh8+ Ke7 39. Rg7+ Kd6
40. Qd8+ Ke5 41. Rg5+ 1-0

[Event "PRO League Group Stage"]
[Site "chess.com INT"]
[Date "2019.03.07"]
[Round "9"]
[White "Forcen Esteban, Daniel"]
[Black "Kollars, Dmitrij"]
[Result "0-1"]
[WhiteTitle "GM"]
[BlackTitle "GM"]
[WhiteElo "2567"]
[BlackElo "2562"]
[WhiteTeam "Barcelona Raptors"]
[BlackTeam "Baden-Baden Snowballs"]
[WhiteFideId "2288230"]
[BlackFideId "12909572"]
[EventDate "2019.01.08"]

1. Nf3 Nf6 2. c4 c6 3. b3 d5 4. Bb2 Bf5 5. d3 h6 6. g3 e6 7. Bg2 Nbd7 8. O-O Be7
9. Nbd2 O-O 10. Qc2 Bh7 11. Rfe1 a5 12. a3 Nc5 13. Rad1 Rc8 14. Bc3 b5 15. Qb2
Qb6 16. Ne5 Rfd8 17. cxd5 Nxd5 18. Nxc6 Rxc6 19. Bxg7 Bf8 20. Bd4 Qc7 21. Rc1
Rc8 22. Bxd5 exd5 23. Be5 Qe7 24. Nf3 Nd7 25. Bf4 Qxa3 26. Rxc6 Rxc6 27. Qd4 Qc5
28. Qa1 Qb6 29. Ne5 Nxe5 30. Qxe5 Qd8 31. Qh5 a4 32. bxa4 bxa4 33. Ra1 a3 34.
Ra2 Qd7 35. Kg2 d4 36. Qb5 Qe6 37. Ra1 Rb6 38. Qa5 Rb2 39. Qd8 Qxe2 40. Rf1 Bxd3 0-1

[Event "PRO League Group Stage"]
[Site "chess.com INT"]
[Date "2019.03.07"]
[Round "9"]
[White "Diaz Camallonga, Carles"]
[Black "Klek, Hanna Marie"]
[Result "1-0"]
[WhiteTitle "IM"]
[BlackTitle "WGM"]
[WhiteElo "2432"]
[BlackElo "2311"]
[WhiteTeam "Barcelona Raptors"]
[BlackTeam "Baden-Baden Snowballs"]
[WhiteFideId "22235256"]
[BlackFideId "24670057"]
[EventDate "2019.01.08"]

1. e4 e5 2. Nf3 Nc6 3. Bb5 a6 4. Ba4 Nf6 5. d3 d6 6. c4 g6 7. Nc3 Bg7 8. d4 exd4
9. Nxd4 Bd7 10. Bxc6 Bxc6 11. O-O O-O 12. f3 Nd7 13. Be3 Ne5 14. b3 Bd7 15. Qd2
Qb8 16. Bh6 Bxh6 17. Qxh6 Qa7 18. Rad1 c6 19. h3 f6 20. Kh1 b5 21. Nde2 bxc4 22.
f4 Nf7 23. Qh4 cxb3 24. Qxf6 bxa2 25. Nxa2 Rae8 26. Nac3 Bc8 27. Qh4 Qe7 28. Qg3
Kh8 29. Qd3 Qf6 30. Rb1 Re7 31. Rb6 Rc7 32. Rd1 Re8 33. Qc4 Qe6 34. Qxe6 Rxe6
35. Nd4 Rf6 36. Nxc6 Rb7 37. Rdb1 Rxb6 38. Rxb6 Be6 39. Nd4 Bc4 40. g3 Kg7 41.
Rb7 Kg8 42. Rc7 d5 43. exd5 Nd6 44. Kg1 Rf7 45. Rc6 Rd7 46. Nf3 Bb5 47. Rc5 Rb7
48. Ne5 a5 49. Nc6 a4 50. Nd4 Bd7 51. Ra5 Rb4 52. Nc6 Bxc6 53. dxc6 Rc4 54. Nxa4
Rxc6 55. Nc5 Nc4 56. Ra8+ Kg7 57. Ra7+ Kg8 58. Ne4 Ne3 59. Kf2 Nf5 60. g4 Nd4
61. Rd7 Nb5 62. g5 Rc7 63. Nf6+ Kh8 64. Rd8+ Kg7 65. Ne8+ 1-0

[Event "PRO League Group Stage"]
[Site "chess.com INT"]
[Date "2019.03.07"]
[Round "9"]
[White "Meier, Georg"]
[Black "Alvarado Diaz, Alejandro"]
[Result "1-0"]
[WhiteTitle "GM"]
[BlackTitle "IM"]
[WhiteElo "2623"]
[BlackElo "2388"]
[WhiteTeam "Baden-Baden Snowballs"]
[BlackTeam "Barcelona Raptors"]
[WhiteFideId "4675789"]
[BlackFideId "2276119"]
[EventDate "2019.01.08"]

1. Nf3 Nf6 2. g3 d5 3. Bg2 e6 4. O-O Be7 5. c4 O-O 6. d4 dxc4 7. Qc2 a6 8. Qxc4
b5 9. Qc2 Bb7 10. Bg5 Nbd7 11. Bxf6 Nxf6 12. Nbd2 Rc8 13. Nb3 c5 14. dxc5 Be4
15. Qc3 Bd5 16. Nfd4 Bxg2 17. Kxg2 Bxc5 18. Rfd1 Bxd4 19. Qxd4 Qxd4 20. Nxd4 g6
21. a4 b4 22. Rac1 Rxc1 23. Rxc1 Rd8 24. Rc4 a5 25. Nb3 Rd5 26. e4 Rd1 27. Nxa5
Rd2 28. Rxb4 Ng4 29. Nc4 Rxf2+ 30. Kg1 Rc2 31. b3 Rc1+ 32. Kg2 Rc2+ 33. Kf1
Nxh2+ 34. Ke1 Nf3+ 35. Kd1 Ra2 36. a5 Nd4 37. Ra4 Rxa4 38. bxa4 Nc6 39. a6 h5
40. Nd6 g5 41. Ke1 f5 42. Nb5 h4 43. gxh4 gxh4 44. e5 h3 45. Kf2 1-0

[Event "PRO League Group Stage"]
[Site "chess.com INT"]
[Date "2019.03.07"]
[Round "9"]
[White "Donchenko, Alexander"]
[Black "Herrera Reyes, Jose Antonio"]
[Result "1-0"]
[WhiteTitle "GM"]
[BlackTitle "FM"]
[WhiteElo "2604"]
[BlackElo "2324"]
[WhiteTeam "Baden-Baden Snowballs"]
[BlackTeam "Barcelona Raptors"]
[WhiteFideId "24603295"]
[BlackFideId "2274914"]
[EventDate "2019.01.08"]

1. d4 Nf6 2. c4 c5 3. d5 b5 4. cxb5 a6 5. bxa6 g6 6. Nc3 Bg7 7. a7 Rxa7 8. e4
O-O 9. Nf3 Qa5 10. Bd2 Rb7 11. Qc2 d6 12. Be2 Bg4 13. O-O Nbd7 14. Nb5 Qa6 15.
a4 Ne5 16. Nc3 Qb6 17. Nxe5 Bxe2 18. Nxe2 dxe5 19. Bc3 Ne8 20. a5 Qa6 21. Nc1
Nd6 22. Nd3 Nxe4 23. Bxe5 c4 24. Bxg7 cxd3 25. Qc6 Qa7 26. Bxf8 Kxf8 27. Qc4 Nd2
28. Qc8+ Kg7 29. Qc3+ f6 30. Qxd2 Qd4 31. a6 Rxb2 32. Qxb2 Qxb2 33. a7 1-0

[Event "PRO League Group Stage"]
[Site "chess.com INT"]
[Date "2019.03.07"]
[Round "9"]
[White "Tomczak, Jacek"]
[Black "Moussard, Jules"]
[Result "1-0"]
[WhiteTitle "GM"]
[BlackTitle "GM"]
[WhiteElo "2631"]
[BlackElo "2605"]
[WhiteTeam "Berlin Bears"]
[BlackTeam "Marseille Migraines"]
[WhiteFideId "1124668"]
[BlackFideId "642908"]
[EventDate "2019.01.08"]

1. e4 d6 2. d4 g6 3. Nc3 Nf6 4. Bg5 Bg7 5. Qd2 h6 6. Bf4 g5 7. Be3 Ng4 8. h4 e6
9. O-O-O Nc6 10. Bb5 Bd7 11. hxg5 Nxe3 12. Qxe3 hxg5 13. Rxh8+ Bxh8 14. e5 dxe5
15. dxe5 Qe7 16. Nf3 g4 17. Bxc6 Bxc6 18. Nd4 Bxg2 19. Rg1 Bh3 20. f3 Qc5 21.
fxg4 Qxe5 22. Qxh3 Qxd4 23. Rd1 Qe5 24. Qh7 Ke7 25. Qd3 Bf6 26. Kb1 Kf8 27. Qf3
Kg7 28. Rf1 Rf8 29. a3 c6 30. g5 Be7 31. Ne4 Kg6 32. Nf6 Rh8 33. Ng8 f6 34.
Nxe7+ 1-0

[Event "PRO League Group Stage"]
[Site "chess.com INT"]
[Date "2019.03.07"]
[Round "9"]
[White "Braun, Arik"]
[Black "Maurizzi, Marc Andria"]
[Result "1-0"]
[WhiteTitle "GM"]
[BlackTitle "CM"]
[WhiteElo "2598"]
[BlackElo "2028"]
[WhiteTeam "Berlin Bears"]
[BlackTeam "Marseille Migraines"]
[WhiteFideId "4663527"]
[BlackFideId "36083534"]
[EventDate "2019.01.08"]

1. Nf3 Nf6 2. c4 g6 3. d4 Bg7 4. e3 O-O 5. Be2 d6 6. Nc3 Nbd7 7. O-O e5 8. Qc2
Re8 9. Rd1 c6 10. h3 Qc7 11. b4 exd4 12. exd4 Nb6 13. Bf4 Bf5 14. Bd3 Bxd3 15.
Qxd3 Qd7 16. Nd2 Nc8 17. Rab1 Ne7 18. Nf3 Rac8 19. a4 h6 20. a5 g5 21. Bh2 Ng6
22. Rbc1 Nh5 23. Ne2 Re7 24. d5 Rce8 25. dxc6 bxc6 26. Rc2 g4 27. hxg4 Qxg4 28.
Kf1 Bf8 29. Nfg1 Re6 30. Qf3 Qe4 31. Qxe4 Rxe4 32. Rd4 R4e6 33. Nf3 Ng7 34. Rd1
Nf5 35. Ned4 Rf6 36. Nxc6 d5 37. cxd5 Ngh4 38. Nxa7 Nxf3 39. gxf3 Bxb4 40. Nc6
Bd6 41. Bxd6 Nxd6 42. Rd3 h5 43. a6 h4 44. Rd4 Rh6 45. Kg2 h3+ 46. Kh2 Kh7 47.
a7 Nf5 48. Rf4 Nh4 49. Nb8 Rg8 50. Rxf7+ Kh8 51. a8=Q Rg2+ 52. Kh1 h2 53. Nd7+
Rg8 54. Rc8 Rg6 55. Rxg8+ Rxg8 56. Rf8 Ng6 57. Rxg8+ Kh7 58. Rxg6 Kxg6 59. Kxh2
Kf5 60. Kg3 Kg6 61. Qc6+ Kf5 62. Qe6+ Kg5 63. f4+ Kh5 64. Qf5+ Kh6 65. Qg5+ Kh7
66. Nf6+ 1-0

[Event "PRO League Group Stage"]
[Site "chess.com INT"]
[Date "2019.03.07"]
[Round "9"]
[White "Vachier-Lagrave, Maxime"]
[Black "Lampert, Jonas"]
[Result "1-0"]
[WhiteTitle "GM"]
[BlackTitle "IM"]
[WhiteElo "2780"]
[BlackElo "2544"]
[WhiteTeam "Marseille Migraines"]
[BlackTeam "Berlin Bears"]
[WhiteFideId "623539"]
[BlackFideId "1303759"]
[EventDate "2019.01.08"]

1. e4 e5 2. Nf3 Nf6 3. Nxe5 d6 4. Nd3 Nxe4 5. Qe2 Qe7 6. Nf4 Nc6 7. Nd5 Nd4 8.
Nxe7 Nxe2 9. Nd5 Nd4 10. Na3 Ne6 11. f3 N4c5 12. d4 Nd7 13. c3 c6 14. Nf4 Nf6
15. Nc4 Be7 16. Kf2 O-O 17. Bd3 b5 18. Na5 Nxf4 19. Bxf4 Bd7 20. Rhe1 Rfe8 21.
Nb7 d5 22. Nd6 Bxd6 23. Bxd6 Rxe1 24. Kxe1 Ne8 25. Bc5 Nc7 26. a4 Ne6 27. axb5
Nxc5 28. dxc5 cxb5 29. Ra6 Kf8 30. Kd2 Ke7 31. Ke3 Kd8 32. Kd4 Kc7 33. Bxh7 g6
34. Rf6 Be8 35. Bg8 Kd7 36. Bxf7 Ke7 37. Bxd5 Rd8 38. Re6+ 1-0

[Event "PRO League Group Stage"]
[Site "chess.com INT"]
[Date "2019.03.07"]
[Round "9"]
[White "Tregubov, Pavel V."]
[Black "Hoolt, Sarah"]
[Result "1-0"]
[WhiteTitle "GM"]
[BlackTitle "WGM"]
[WhiteElo "2592"]
[BlackElo "2358"]
[WhiteTeam "Marseille Migraines"]
[BlackTeam "Berlin Bears"]
[WhiteFideId "4115341"]
[BlackFideId "24606812"]
[EventDate "2019.01.08"]

1. d4 f5 2. g3 Nf6 3. Bg2 d6 4. b3 g6 5. Bb2 Bg7 6. Nf3 c6 7. O-O O-O 8. Nbd2
Nbd7 9. Re1 d5 10. c4 Ne4 11. Rc1 Ndf6 12. Ne5 Bh6 13. e3 Be6 14. f3 Nxd2 15.
Qxd2 Nd7 16. Nd3 Rc8 17. Nf4 Bf7 18. cxd5 cxd5 19. Qb4 Rxc1 20. Rxc1 b6 21. Bf1
g5 22. Nd3 Bh5 23. Bg2 f4 24. exf4 gxf4 25. Nxf4 Bxf4 26. gxf4 Rxf4 27. Qe1 Qf8
28. Qe6+ Qf7 29. Qxd7 Bxf3 30. Bxf3 Rxf3 31. Qg4+ Qg6 32. Qxg6+ hxg6 33. Rc3 Rf4
34. Re3 Kf7 35. Kg2 Rg4+ 36. Kf2 Rh4 37. h3 Rh8 38. Ba3 e6 39. Rc3 Kf6 40. Bd6
Kf5 41. Be5 Rh7 42. Rf3+ Kg5 43. Kg3 1-0

[Event "PRO League Group Stage"]
[Site "chess.com INT"]
[Date "2019.03.07"]
[Round "9"]
[White "Markoja, Boris"]
[Black "Hammer, Jon Ludvig"]
[Result "1-0"]
[WhiteTitle "IM"]
[BlackTitle "GM"]
[WhiteElo "2442"]
[BlackElo "2652"]
[WhiteTeam "Ljubljana Turtles"]
[BlackTeam "Norway Gnomes"]
[WhiteFideId "14608502"]
[BlackFideId "1503707"]
[EventDate "2019.01.08"]

1. d4 d5 2. c4 e6 3. g3 Nf6 4. Bg2 Be7 5. Nf3 O-O 6. O-O dxc4 7. Qc2 a6 8. a4
Bd7 9. Rd1 Bc6 10. Nc3 Bxf3 11. Bxf3 Nc6 12. Bxc6 bxc6 13. Bg5 Rb8 14. Rac1 Nd5
15. Bxe7 Qxe7 16. Ne4 Rb6 17. Qxc4 a5 18. b3 Rfb8 19. Nc5 Nf6 20. Qc3 Ra8 21.
Qf3 Nd7 22. Rd3 h6 23. Rdc3 Rab8 24. Nd3 Qd6 25. Rxc6 Qxd4 26. Rxc7 Rxb3 27.
Rc8+ Nf8 28. R1c7 Rxc8 29. Qxf7+ Kh7 30. Rxc8 Rb1+ 31. Kg2 Qe4+ 32. Qf3 Qxf3+
33. Kxf3 Nd7 34. Ra8 Ra1 35. Rxa5 Nb6 36. Ra6 Nxa4 37. Nc5 Ra3+ 38. e3 Rxe3+ 39.
Kxe3 Nxc5 40. Rc6 Nd7 41. Rxe6 Kg8 42. Rd6 Nf6 43. f3 Kf7 44. Kd4 Ne8 45. Rc6
Nf6 46. Ke5 Nd7+ 47. Kf5 Nf6 48. Rc7+ Kf8 49. Kg6 Ne8 50. Rc8 Ke7 51. Rxe8+ Kxe8
52. Kxg7 1-0

[Event "PRO League Group Stage"]
[Site "chess.com INT"]
[Date "2019.03.07"]
[Round "9"]
[White "Sebenik, Matej"]
[Black "Christiansen, Johan-Sebastian"]
[Result "0-1"]
[WhiteTitle "GM"]
[BlackTitle "GM"]
[WhiteElo "2540"]
[BlackElo "2559"]
[WhiteTeam "Ljubljana Turtles"]
[BlackTeam "Norway Gnomes"]
[WhiteFideId "14602296"]
[BlackFideId "1512668"]
[EventDate "2019.01.08"]

1. Nf3 d5 2. g3 g6 3. Bg2 Bg7 4. d4 Nf6 5. O-O O-O 6. c4 dxc4 7. Na3 Nc6 8. Nxc4
Be6 9. b3 Bd5 10. e3 a5 11. Ba3 a4 12. Qe2 axb3 13. axb3 Ra6 14. Rfc1 Qa8 15.
Bb2 Rd8 16. Bf1 Rxa1 17. Rxa1 Qc8 18. Ne1 Qe6 19. f3 b5 20. e4 bxc4 21. exd5
Qxe2 22. Bxe2 c3 23. dxc6 cxb2 24. Rb1 Nd5 25. Bc4 Bxd4+ 26. Kf1 Ne3+ 27. Ke2
Nxc4 28. bxc4 Bc3 29. Nd3 Rd4 30. c5 e5 31. Nxe5 Ra4 0-1

[Event "PRO League Group Stage"]
[Site "chess.com INT"]
[Date "2019.03.07"]
[Round "9"]
[White "Holm, Kristian Stuvik"]
[Black "Unuk, Laura"]
[Result "1-0"]
[WhiteTitle "IM"]
[BlackTitle "WIM"]
[WhiteElo "2468"]
[BlackElo "2234"]
[WhiteTeam "Norway Gnomes"]
[BlackTeam "Ljubljana Turtles"]
[WhiteFideId "1508083"]
[BlackFideId "14609215"]
[EventDate "2019.01.08"]

1. d4 d5 2. c4 c6 3. Nf3 Nf6 4. Nc3 dxc4 5. a4 Bf5 6. Ne5 Nbd7 7. Nxc4 Nb6 8.
Ne5 a5 9. h4 e6 10. f3 h5 11. e4 Bh7 12. Be3 Be7 13. Bf2 Bb4 14. Nd3 Qe7 15.
Nxb4 axb4 16. Nb1 Bxe4 17. fxe4 Nxe4 18. Nd2 Nxf2 19. Kxf2 g5 20. hxg5 Qxg5 21.
Nf3 Qg7 22. Qd2 Rg8 23. Rh3 Nd5 24. Kg1 Qg4 25. Kh1 Rd8 26. Qf2 Qf5 27. Re1 Nf4
28. Rh2 Rd7 29. Ne5 Rd8 30. g3 f6 31. Qxf4 Qxf4 32. gxf4 fxe5 33. dxe5 Rd4 34.
Rxh5 Rxf4 35. b3 Rg3 36. Bc4 Kf7 37. Kh2 Rc3 38. Rg1 Rf2+ 39. Kh1 b5 40. Rh7+
Kf8 41. Bxe6 Ke8 42. Rg8+ Rf8 43. Bd7+ Kd8 44. Rxf8+ Kc7 45. Be6+ Kb6 46. Rb8+
Kc5 47. axb5 cxb5 48. Rc7+ Kd4 49. Rxc3 bxc3 50. Bf5 1-0

[Event "PRO League Group Stage"]
[Site "chess.com INT"]
[Date "2019.03.07"]
[Round "9"]
[White "Mikalsen, Erlend"]
[Black "Skuhala, Jernej"]
[Result "1-0"]
[WhiteTitle "FM"]
[BlackTitle "FM"]
[WhiteElo "2357"]
[BlackElo "2277"]
[WhiteTeam "Norway Gnomes"]
[BlackTeam "Ljubljana Turtles"]
[WhiteFideId "1507338"]
[BlackFideId "14605651"]
[EventDate "2019.01.08"]

1. e4 c6 2. d4 d5 3. Nc3 dxe4 4. Nxe4 Bf5 5. Ng3 Bg6 6. h4 h6 7. Nf3 Nd7 8. h5
Bh7 9. Bd3 Bxd3 10. Qxd3 e6 11. Bd2 Be7 12. O-O-O Ngf6 13. Ne4 Nxe4 14. Qxe4 Nf6
15. Qe2 Qd5 16. Kb1 O-O 17. Ne5 Rad8 18. g4 Qe4 19. Qxe4 Nxe4 20. Be3 Nf6 21. f4
Nd5 22. Bc1 c5 23. c4 Nf6 24. Be3 Bd6 25. g5 hxg5 26. fxg5 Bxe5 27. dxe5 Nd7 28.
Bf4 Nb6 29. b3 Nc8 30. Be3 b6 31. g6 fxg6 32. Rxd8 Rxd8 33. hxg6 Rd3 34. Bg5 b5
35. cxb5 Nb6 36. Kc2 Rg3 37. Be7 Rxg6 38. Bxc5 Rg2+ 39. Kb1 Nd5 40. Rc1 Nb6 41.
a4 Rd2 42. a5 Nc8 43. Be3 Rd8 44. Rc7 Kf8 45. Bc5+ Ke8 46. b6 1-0

[Event "PRO League Group Stage"]
[Site "chess.com INT"]
[Date "2019.03.07"]
[Round "9"]
[White "Admiraal, Miguoel"]
[Black "Lagarde, Maxime"]
[Result "1/2-1/2"]
[WhiteTitle "IM"]
[BlackTitle "GM"]
[WhiteElo "2478"]
[BlackElo "2604"]
[WhiteTeam "Amsterdam Mosquitoes"]
[BlackTeam "Cannes Blitzstreams"]
[WhiteFideId "1019716"]
[BlackFideId "662399"]
[EventDate "2019.01.08"]

1. c4 e5 2. Nc3 Nf6 3. Nf3 Nc6 4. e3 Bb4 5. Qc2 Bxc3 6. Qxc3 Qe7 7. b3 O-O 8.
Bb2 Re8 9. a3 a5 10. Be2 d6 11. d3 Bg4 12. O-O Nd8 13. h3 Bh5 14. Rfe1 Ne6 15.
b4 axb4 16. axb4 Rxa1 17. Bxa1 c5 18. bxc5 Nxc5 19. d4 e4 20. dxc5 exf3 21. cxd6
Qxd6 22. Bxf3 Bxf3 23. gxf3 Qe6 24. Kh2 Rc8 25. Rg1 Kh8 26. Qd4 h6 27. c5 Qf5
28. f4 Qxc5 29. Qxf6 gxf6 30. Bxf6+ Kh7 31. Rg7+ Kh8 1/2-1/2

[Event "PRO League Group Stage"]
[Site "chess.com INT"]
[Date "2019.03.07"]
[Round "9"]
[White "Spoelman, Wouter"]
[Black "Mekhitarian, Krikor Sevag"]
[Result "1-0"]
[WhiteTitle "GM"]
[BlackTitle "GM"]
[WhiteElo "2578"]
[BlackElo "2536"]
[WhiteTeam "Amsterdam Mosquitoes"]
[BlackTeam "Cannes Blitzstreams"]
[WhiteFideId "1010891"]
[BlackFideId "2107660"]
[EventDate "2019.01.08"]

1. c4 e5 2. Nc3 Nf6 3. Nf3 Nc6 4. e3 Bb4 5. Qc2 Bxc3 6. Qxc3 Qe7 7. b3 d5 8. d4
Ne4 9. Qb2 Be6 10. Nxe5 Nxe5 11. dxe5 dxc4 12. bxc4 O-O-O 13. Be2 Rd7 14. O-O
Rhd8 15. Bf3 Nc5 16. Qb4 b6 17. Bb2 Nd3 18. Qb5 c5 19. Bc3 Qh4 20. Qa6+ Kb8 21.
Rab1 Nb4 22. Rxb4 cxb4 23. Bxb4 Qxc4 24. Bd6+ Rc7 25. Qb7# 1-0